| 000 | 01163nam a2200313 i 4500 | ||
|---|---|---|---|
| 003 | DO-SdBNP | ||
| 005 | 20231009080524.0 | ||
| 006 | a||||gr|||| 00| 0 | ||
| 007 | ta | ||
| 008 | 231006e2016 gt ||||| |||| 00| f spa d | ||
| 020 | _a9789929700147 | ||
| 040 |
_aDO-SdBNP _bspa _cBNPHU _erda |
||
| 082 | 4 |
_222 _bA859v |
|
| 100 | 1 |
_4Asturias, Miguel Ángel, _d1899-1974 _984408 |
|
| 245 | 1 | 0 |
_aViento fuerte. / _cMiguel Ángel Asturias; cuidado de la edición, José Luis Perdomo Orellana y Raúl Figueroa Sarti |
| 264 | 1 |
_aGuatemala, _bF&G Editores, _c2016 |
|
| 300 |
_a234 página ; _c20 cm. |
||
| 336 |
_2rdacontent _atexto _btxt |
||
| 337 |
_2rdamedia _asin mediación _bn |
||
| 338 |
_2rdacarrier _avolumen _bnc |
||
| 490 |
_aBiblioteca Miguel Ángel Asturias ; _v7 |
||
| 500 | _aIncluye datos biográficos del autor en las solapas de las cubiertas. | ||
| 500 | _aIlustración de portada Penacho. Óleo sobre tela, 55.88 x 71.12 cm. 2009 | ||
| 586 | _aPremio Nobel de Literatura, 1967 | ||
| 590 | _aInventariado 2023 / MF | ||
| 700 | 1 |
_aPerdomo Orellana, José Luis, _eeditor _969116 |
|
| 700 | 1 |
_aFigueroa Sarti, Raúl, _eeditor _984406 |
|
| 942 |
_2ddc _cLBS1 |
||
| 999 |
_c55103 _d55103 |
||